Statistics for U.S. Cities by Airport Code

Click here to take the quiz!

General Stats

  • This quiz has been taken 65 times
  • The average score is 14 of 15

Answer Stats

HintAnswer% Correct
ATLAtlanta
100%
LAXLos Angeles
100%
PHLPhiladelphia
100%
SEASeattle
100%
BOSBoston
98%
JFKNew York
98%
SFOSan Francisco
98%
DENDenver
97%
MIAMiami
97%
DFWDallas
95%
SANSan Diego
92%
LASLas Vegas
90%
ORDChicago
80%
IADWashington D.C
77%
IAHHouston
72%

Score Distribution

Percentile by Number Answered

Percent of People with Each Score

Your Score History

You have not taken this quiz